00705 a2200193 450000100060000002000180000604000240002410000160004824000230006424500180008730000090010536200090011465000430012394200070016695201060017395201060027995201090038599900170049414423 a9780746086582 cAnchieta - Aquarius aDobbie, Meg10aFind the Birdleng10aFind the Bird a[12]0 a2007 4aLiteratura infanto-juvenil em inglês cBK 00104070a87.1b87.1d2023-11-21l0o028.573 DOB FINp6274/AQUr2023-11-21 15:14:24w2023-11-21yBK 00104070a87.1b87.1d2023-11-21l0o028.573 DOB FINp6556/AQUr2023-11-21 15:14:24w2023-11-21yBK 00104070a88.1b88.1d2023-11-21l0oLI 028.573 BRO FINp1331/ITAr2023-11-21 20:03:42w2023-11-21yBK c14423d14423